| 000 | 00789nam a22002057a 4500 | ||
|---|---|---|---|
| 999 |
_c17457 _d17457 |
||
| 003 | AR-CdUCM | ||
| 008 | 190508b ||||| |||| 00| 0 spa d | ||
| 040 |
_aMUNICIPALIDAD PROVINCIAL DEL CUSCO _cBIBLIOTECA MUNICIPAL DEL CUSCO |
||
| 082 |
_a981.01961 / _bR21 |
||
| 100 |
_aRamos Condori, Florencio Fidel _937487 |
||
| 245 |
_aLos protagonistas de la resistencia inka : _b1532 - 1572 / |
||
| 260 |
_aCusco : _bEdmundo pantigozo, _c2007. |
||
| 300 |
_a512 páginas ; _bIlustraciones, fotografías, _c21 cm. |
||
| 505 | _aContenido: El territorio de Vilcabamba -- Viaje con el grupo -- Exploración de Vilcabamba con Gignus-Pearce... | ||
| 650 |
_aArqueología _9371 |
||
| 650 |
_aResistencia inka _937488 |
||
| 650 |
_aVilcabamba _91752 |
||
| 942 |
_2ddc _cLIBROS |
||
| 945 |
_adavv _d2019-05-08 |
||